• 首页
  • 本馆介绍
  • 公告通知
  • 最新文献
  • 馆藏检索
  • 电子资源
  • 读者导购
  • 参考咨询
  • 我的图书馆
  • 登录
  • 详细信息显示
  • 放入我的书架
  • 预约/预借图书
  • 作者相关作品
  • 分类相关作品
  • 丛书相关作品
  • 出版社相关作品

书目信息

  • 表格格式
  • 工作单格式
  • 卡片格式
题名:
Java网络编程原理与JSP Web开发核心技术
    
 
作者: 马晓敏 , 姜远明 , 曲霖洁 编著
分册:  
出版信息: 北京   中国铁道出版社  2018.8
页数: 324页
开本: 19cm
丛书名:
单 册:
中图分类: TP312.8 , TP393.092
科图分类:
主题词: JAVA语言--程序设计--高等学校--教材 , JAVA语言--主页制作--程序设计--高等学校--教材
电子资源:
ISBN: 978-7-113-24737-9
000 01307nam0 2200277 450
001 5706
005 20181022085532.65
010    @a978-7-113-24737-9@dCNY55.00
100    @a20180730d2018 em y0chiy0110 ea
101 0  @achi
102    @aCN@b110000
105    @ay z 000yy
200 1  @aJava网络编程原理与JSP Web开发核心技术@9J a v a wang luo bian cheng yuan li yu J S P W e b kai fa he xin ji shu@f马晓敏,姜远明,曲霖洁编著
205    @a2版
210    @a北京@c中国铁道出版社@d2018.8
215    @a324页@d19cm
330    @a本书内容分为两大部分。第一部分是Java网络编程原理与技术。从计算机网络的基本结构入手,介绍了Java API提供的TCP协议套接字、UDP协议套接字和组播套接字等多种用于网络通信的概念与应用,包括数据包和数据流技术。应用这些技术,可以用来实现SMTP和POP3、FTP、HTTP等高层应用协议以及C/S模式。第二部分是JSP Web开发核心技术,包括Web开发的前端技术、JSP、Java Servlet、JavaBean、JSP 数据库技术、JSP扩展技术、MVC模式及Struts、JQuery等技术框架。
606 0  @aJAVA语言@x程序设计@x高等学校@j教材
606 0  @aJAVA语言@x主页制作@x程序设计@x高等学校@j教材
690    @aTP312.8@v5
690    @aTP393.092@v5
701  0 @a马晓敏@9ma xiao min@4编著
701  0 @a姜远明@9jiang yuan ming@4编著
701  0 @a曲霖洁@9qu lin jie@4编著
801  0 @aCN@b91CIP@c20180730
905    @aMuseLib@dTP312.8@e1410=2
    
    Java网络编程原理与JSP Web开发核心技术/马晓敏,姜远明,曲霖洁编著.-2版.-北京:中国铁道出版社,2018.8
    324页;19cm
    
    
    ISBN 978-7-113-24737-9:CNY55.00
    本书内容分为两大部分。第一部分是Java网络编程原理与技术。从计算机网络的基本结构入手,介绍了Java API提供的TCP协议套接字、UDP协议套接字和组播套接字等多种用于网络通信的概念与应用,包括数据包和数据流技术。应用这些技术,可以用来实现SMTP和POP3、FTP、HTTP等高层应用协议以及C/S模式。第二部分是JSP Web开发核心技术,包括Web开发的前端技术、JSP、Java Servlet、JavaBean、JSP 数据库技术、JSP扩展技术、MVC模式及Struts、JQuery等技术框架。
●
相关链接 在E读中查询图书 在五车中查询图书 在当当中查询图书 在豆瓣中查询图书


正题名:Java网络编程原理与JSP Web开发核心技术     索取号:TP312.8/1410=2         预约/预借

序号 登录号 条形码 馆藏地/架位号 状态 备注
1 1130904   211309047   第二样本阅览室/ [索取号:TP312.8/1410=2] 在馆    
2 1130905   211309056   第三借阅区/ [索取号:TP312.8/1410=2] 在馆    
3 1130906   211309065   第三借阅区/ [索取号:TP312.8/1410=2] 在馆    
4 1130907   211309074   第三借阅区/ [索取号:TP312.8/1410=2] 在馆    
5 1130908   211309083   第三借阅区/ [索取号:TP312.8/1410=2] 在馆    
唐山师范学院图书馆 欢迎您!
大连网信软件有限公司© 版权所有